[Event "C'Chartres Blitz Men"]
[Site "Europe-Echecs INT"]
[Date "2020.06.13"]
[Round "1"]
[White "Gukesh, D"]
[Black "Edouard, Romain"]
[Result "1-0"]
[WhiteTitle "GM"]
[BlackTitle "GM"]
[WhiteElo "2563"]
[BlackElo "2649"]
[WhiteFideId "46616543"]
[BlackFideId "633429"]
[EventDate "2020.06.13"]

1. c4 e5 2. g3 Nf6 3. Bg2 c6 4. Nf3 e4 5. Nd4 d5 6. cxd5 Qb6 7. Nb3 a5 8. a4
Nxd5 9. Bxe4 Be6 10. d4 Nd7 11. N1d2 h5 12. h4 f5 13. Bf3 f4 14. Nc4 Qc7 15.
gxf4 Nxf4 16. Nbd2 Bb4 17. b3 O-O-O 18. Ba3 c5 19. Bxb4 axb4 20. a5 Rhe8 21. a6
Bxc4 22. Nxc4 Nb6 23. axb7+ 1-0

[Event "C'Chartres Blitz Men"]
[Site "Europe-Echecs INT"]
[Date "2020.06.13"]
[Round "1"]
[White "Firouzja, Alireza"]
[Black "Stephan, Victor"]
[Result "1-0"]
[WhiteTitle "GM"]
[BlackTitle "IM"]
[WhiteElo "2728"]
[BlackElo "2439"]
[WhiteFideId "12573981"]
[BlackFideId "656666"]
[EventDate "2020.06.13"]

1. d4 Nf6 2. c4 e6 3. Nf3 c5 4. d5 d6 5. Nc3 exd5 6. cxd5 g6 7. Nd2 Nbd7 8. e4
Bg7 9. Be2 O-O 10. O-O a6 11. a4 Re8 12. h3 Rb8 13. Qc2 Qe7 14. Re1 g5 15. Nc4
h6 16. f4 Nh7 17. e5 dxe5 18. Bd3 Nhf8 19. d6 Qd8 20. fxg5 hxg5 21. a5 Ne6 22.
Nd5 Nf4 23. Bxf4 exf4 24. Ne7+ Kf8 25. Bf5 Bd4+ 26. Kh1 Nf6 27. Bxc8 Rxc8 28.
Qf5 Qd7 29. Qxg5 Ng8 30. Qxg8# 1-0

[Event "C'Chartres Blitz Men"]
[Site "Europe-Echecs INT"]
[Date "2020.06.13"]
[Round "1"]
[White "Mamedov, Rauf"]
[Black "Maghsoodloo, Parham"]
[Result "1-0"]
[WhiteTitle "GM"]
[BlackTitle "GM"]
[WhiteElo "2654"]
[BlackElo "2676"]
[WhiteFideId "13401653"]
[BlackFideId "12539929"]
[EventDate "2020.06.13"]

1. e4 e6 2. d4 d5 3. Nd2 c5 4. exd5 Qxd5 5. dxc5 Qxc5 6. Ngf3 Nf6 7. Bd3 Be7 8.
O-O O-O 9. Qe2 Qc7 10. Ne4 Nc6 11. Bg5 Nd5 12. c4 Nf4 13. Bxf4 Qxf4 14. g3 Qh6
15. c5 Rd8 16. Rad1 Bd7 17. Nd6 Bxd6 18. cxd6 Be8 19. Be4 Qf6 20. Rd2 g6 21.
Rfd1 Bd7 22. Qe3 Rac8 23. Bxc6 Bxc6 24. Ne5 Bd5 25. d7 Rc7 26. f4 Qf5 27. Qxa7
Qe4 28. Rxd5 exd5 29. Qb6 Qc2 30. Re1 Qc5+ 31. Qxc5 Rxc5 32. Nd3 1-0

[Event "C'Chartres Blitz Men"]
[Site "Europe-Echecs INT"]
[Date "2020.06.13"]
[Round "1"]
[White "Bauer, Christian"]
[Black "Murzin, Volodar"]
[Result "1-0"]
[WhiteTitle "GM"]
[BlackTitle "IM"]
[WhiteElo "2623"]
[BlackElo "2465"]
[WhiteFideId "603767"]
[BlackFideId "44155573"]
[EventDate "2020.06.13"]

1. d4 Nf6 2. Nf3 g6 3. g3 Bg7 4. Bg2 O-O 5. O-O d6 6. a4 Nc6 7. a5 a6 8. d5 Nb8
9. Nd4 Bd7 10. Nc3 c5 11. Nb3 Qc8 12. Re1 Bh3 13. Bh1 Nbd7 14. e4 Qc7 15. Nd2 e6
16. Nc4 exd5 17. exd5 Ng4 18. Ne4 Nde5 19. Nb6 Nxf2 20. Nxf2 Bf5 21. Nxa8 Rxa8
22. Bf4 Nc4 23. b3 Bxa1 24. Qxa1 Ne5 25. Bxe5 dxe5 26. Qxe5 Qxe5 27. Rxe5 Bxc2
28. Ne4 Rc8 29. Nd2 Kf8 30. Kf2 Rd8 31. Re3 Bf5 32. Nc4 Bd7 33. Nd6 Rb8 34. Ne4
b6 35. axb6 Rxb6 36. Nxc5 Bb5 37. Ne4 h6 38. Bf3 Bd7 39. Nd2 Rb4 40. Re4 Rb8 41.
Rc4 a5 42. Rc7 Ke8 43. Ra7 Kd8 44. Rxa5 Rb4 45. Ra8+ Ke7 46. Be2 Kd6 47. Bc4 Bf5
48. Ra6+ Ke5 49. Ke3 Bg4 50. h3 Bd1 51. Nf3+ Bxf3 52. Kxf3 Rb8 53. Ke3 Rd8 54.
d6 f5 55. Ra5+ Kxd6 56. Rd5+ Ke7 57. Rxd8 Kxd8 58. Kd4 Ke7 59. Ke5 g5 60. Kxf5 1-0

[Event "C'Chartres Blitz Men"]
[Site "Europe-Echecs INT"]
[Date "2020.06.13"]
[Round "1"]
[White "Dardha, Daniel"]
[Black "Lagarde, Maxime"]
[Result "1/2-1/2"]
[WhiteTitle "IM"]
[BlackTitle "GM"]
[WhiteElo "2449"]
[BlackElo "2655"]
[WhiteFideId "240990"]
[BlackFideId "662399"]
[EventDate "2020.06.13"]

1. e4 Nc6 2. Nf3 d6 3. d4 Nf6 4. Nc3 g6 5. Bb5 a6 6. Bxc6+ bxc6 7. O-O Bg7 8. h3
O-O 9. Be3 a5 10. Re1 Nd7 11. Bg5 h6 12. Bh4 Nb6 13. e5 g5 14. Bg3 Bf5 15. Ne4
Bg6 16. Qe2 f5 17. Nc3 Kh8 18. Nd2 f4 19. Bh2 d5 20. Nb3 e6 21. Nc5 Qe7 22. N3a4
Nxa4 23. Nxa4 f3 24. Qe3 fxg2 25. Nc5 Rf7 26. f4 gxf4 27. Bxf4 Kh7 28. Kxg2 Bf5
29. Kh2 Qh4 30. Qg3 Qxg3+ 31. Bxg3 Bf8 32. c3 a4 33. Re2 Be7 34. Rg1 Bxc5 35.
dxc5 Rb8 36. Bf2 Bd3 37. Rd2 Be4 38. Bd4 Rbf8 39. b3 axb3 40. axb3 Rf1 41. Rxf1
Rxf1 42. b4 Rh1+ 43. Kg3 Bf5 44. Rh2 Ra1 45. Rf2 Kg6 46. Kh4 Rh1 47. Rg2+ Kh7
48. Rg3 Re1 49. Rf3 Re4+ 50. Kg3 Kg6 51. Re3 h5 52. Rxe4 Bxe4 53. Kf4 Bd3 54. h4
Bb5 55. Be3 1/2-1/2

[Event "C'Chartres Blitz Men"]
[Site "Europe-Echecs INT"]
[Date "2020.06.13"]
[Round "1"]
[White "Maurizzi, Marc Andria"]
[Black "Keymer, Vincent"]
[Result "0-1"]
[WhiteTitle "IM"]
[BlackTitle "GM"]
[WhiteElo "2433"]
[BlackElo "2558"]
[WhiteFideId "36083534"]
[BlackFideId "12940690"]
[EventDate "2020.06.13"]

1. d4 Nf6 2. Nf3 d5 3. Bf4 e6 4. e3 Bd6 5. Bg3 O-O 6. Nbd2 c5 7. c3 Qc7 8. dxc5
Qxc5 9. Bd3 Nbd7 10. e4 Bxg3 11. hxg3 dxe4 12. Bxe4 h6 13. Qe2 Rb8 14. O-O b5
15. Rfd1 Qc7 16. Nd4 a6 17. Bf3 Bb7 18. Bxb7 Qxb7 19. N2b3 Qc7 20. Rd2 Nb6 21.
Rad1 Nc4 22. Rd3 Rfd8 23. Nf3 Rd5 24. Rxd5 Nxd5 25. Qc2 Rd8 26. Re1 Ndb6 27.
Nbd2 Qd6 28. Re2 Qd5 29. b3 Nd6 30. Nf1 Qc6 31. Qb2 Nd5 32. Rc2 Qc7 33. N1d2 Rc8
34. c4 Nb4 35. Rc3 bxc4 36. Nxc4 Nxc4 37. Rxc4 Qb7 38. a3 Nd5 39. Qc2 Rxc4 40.
Qxc4 f6 41. Nd4 Kf7 42. b4 Nc7 43. Nc6 Qc8 44. a4 Qd7 45. f3 g5 46. Qc2 Kg7 47.
Kh2 Nd5 48. b5 axb5 49. axb5 Qb7 50. Nd4 Qb6 51. Qe4 Nc7 52. Qd3 h5 53. Qc4 e5
54. Nf5+ Kg6 55. Qc2 Kf7 56. Nh6+ Ke7 57. Qh7+ Kd6 58. Nf5+ Kc5 59. Qxh5 Kxb5
60. Qf7 Ka6 61. Ne7 Qd6 62. Ng8 Nd5 63. Qe8 Kb6 64. Nh6 Ne7 65. Nf7 Qc7 66. Qh8
Nd5 67. Qh7 Qe7 68. Qg6 Kc7 69. Nh6 Qe6 70. Nf5 Ne7 71. Nxe7 Qxe7 72. g4 Kd6 73.
Qd3+ Ke6 74. Qc4+ Kd6 75. Qb4+ Ke6 76. Qb3+ Kd7 77. Qd5+ Ke8 78. Qg8+ Kd7 79.
Qd5+ Qd6 80. Qf7+ Kc6 81. Qc4+ Kb6 82. Qb3+ Kc6 83. Qa4+ Kd5 84. Qa2+ Kc5 85.
Qa3+ Kc6 86. Qa6+ Kd7 87. Qb7+ Ke6 88. Qc8+ Ke7 89. Qb7+ Kf8 90. Qc8+ Kg7 91.
Qb7+ Kh6 92. Qe4 Qe6 93. Kg3 Qd6 94. Kh2 Qc7 95. Kg1 Kg7 96. Kh2 Kh6 97. Kh1
Qc1+ 98. Kh2 Qf4+ 99. Qxf4 gxf4 100. g3 Kg5 101. Kg2 e4 102. Kf2 e3+ 103. Ke2
fxg3 104. Kxe3 Kh4 105. f4 Kh3 0-1

[Event "C'Chartres Blitz Men"]
[Site "Europe-Echecs INT"]
[Date "2020.06.13"]
[Round "1"]
[White "Studer, Noel"]
[Black "Guliyev, Namig"]
[Result "0-1"]
[WhiteTitle "GM"]
[BlackTitle "GM"]
[WhiteElo "2580"]
[BlackElo "2529"]
[WhiteFideId "1319620"]
[BlackFideId "13400363"]
[EventDate "2020.06.13"]

1. c4 c6 2. Nf3 d5 3. e3 Nf6 4. b3 Bg4 5. Bb2 e6 6. Qc2 Nbd7 7. Be2 Bd6 8. d4
Ne4 9. O-O O-O 10. Nbd2 f5 11. Rfe1 Qf6 12. Nf1 Qh6 13. Ne5 Bxe2 14. Qxe2 Nxe5
15. dxe5 Bb4 16. Rec1 f4 17. f3 Ng5 18. cxd5 exd5 19. a3 Ba5 20. Bd4 Ne6 21. b4
Bb6 22. Bxb6 axb6 23. e4 d4 24. Nd2 b5 25. Nb3 Rad8 26. Qd3 Rfe8 27. a4 bxa4 28.
Rxa4 Qg5 29. Ra5 Qe7 30. Qc4 Kh8 31. Ra7 d3 32. Rd1 Qc7 33. Ra2 Qxe5 34. Rxd3
Rxd3 35. Qxd3 Rd8 36. Qe2 Qc3 37. Rb2 Qxb4 38. h3 h6 39. Kh2 Qc3 40. e5 Qe3 41.
Na5 Qxe2 42. Rxe2 Rd7 43. Rb2 Nc5 44. Rc2 Ne6 45. Rb2 Nc5 46. Rc2 Rd5 47. Re2
Kg8 48. e6 Kf8 49. Rb2 Nxe6 50. Nxb7 Rb5 51. Re2 Rxb7 52. Rxe6 Rc7 53. h4 c5 54.
Re4 c4 55. Rxf4+ Ke7 56. Rd4 c3 57. Rd1 c2 58. Rc1 Ke6 59. Kg3 Kd5 60. Kf2 Kd4
61. f4 Kd3 62. Ke1 Re7+ 63. Kf2 Kd2 0-1

[Event "C'Chartres Blitz Men"]
[Site "Europe-Echecs INT"]
[Date "2020.06.13"]
[Round "1"]
[White "Ivanchuk, Vasyl"]
[Black "Medvegy, Zoltan"]
[Result "0-1"]
[WhiteTitle "GM"]
[BlackTitle "GM"]
[WhiteElo "2678"]
[BlackElo "2524"]
[WhiteFideId "14100010"]
[BlackFideId "708402"]
[EventDate "2020.06.13"]

1. e4 e6 2. d4 d5 3. Nc3 dxe4 4. Nxe4 Bd7 5. Nf3 Bc6 6. Bd3 Nd7 7. O-O Ngf6 8.
Ng3 Be7 9. b3 O-O 10. Bb2 a5 11. a3 Re8 12. Re1 Bxf3 13. Qxf3 c6 14. c4 Bf8 15.
h4 g6 16. h5 Bg7 17. Rad1 Qb6 18. Bc2 Qa6 19. a4 Rad8 20. Re2 Qb6 21. Bc3 Qc7
22. Rde1 b6 23. Bd2 e5 24. hxg6 hxg6 25. Bc3 exd4 26. Bxd4 Rxe2 27. Rxe2 Re8 28.
Rxe8+ Nxe8 29. Be3 Ne5 30. Qd1 c5 31. Ne4 Nc6 32. g3 Nd4 33. Nc3 Qe5 34. Nd5 Qe6
35. Bd3 Nf6 36. Bxd4 cxd4 37. Nf4 Qd6 38. Qf3 Bh6 39. Ne2 Nd7 40. Qe4 Nc5 41.
Qf3 Kg7 42. Kg2 Qf6 43. Qxf6+ Kxf6 44. Bb1 d3 45. Nc3 Ke5 46. Kf3 d2 47. Bc2 f5
48. Ke2 Ne4 49. Bxe4 fxe4 50. Nd5 Kd4 51. Nxb6 Bf8 52. Kxd2 Bb4+ 53. Ke2 Kc3 54.
Nd7 Kxb3 55. c5 Kxa4 56. c6 Bd6 57. Nc5+ Kb4 58. Nxe4 Bc7 59. Kd3 a4 60. Nc3 a3
61. Kc2 Kc4 0-1

[Event "C'Chartres Blitz Men"]
[Site "Europe-Echecs INT"]
[Date "2020.06.13"]
[Round "2"]
[White "Edouard, Romain"]
[Black "Firouzja, Alireza"]
[Result "0-1"]
[WhiteTitle "GM"]
[BlackTitle "GM"]
[WhiteElo "2649"]
[BlackElo "2728"]
[WhiteFideId "633429"]
[BlackFideId "12573981"]
[EventDate "2020.06.13"]

1. d4 Nf6 2. c4 g6 3. Nc3 Bg7 4. e4 d6 5. Nf3 O-O 6. Be2 e5 7. O-O Nc6 8. d5 Ne7
9. a4 a5 10. Ne1 Nd7 11. Nd3 f5 12. f3 f4 13. b3 g5 14. Ba3 b6 15. Nb5 Nf6 16.
b4 axb4 17. Bxb4 g4 18. a5 bxa5 19. Rxa5 Bd7 20. Qa1 Bxb5 21. cxb5 Rxa5 22. Bxa5
gxf3 23. gxf3 Kh8 24. Kh1 Nh5 25. Qc3 Nxd5 26. exd5 e4 27. Qxc7 Qh4 28. fxe4
Ng3+ 29. Kg2 Nxe2 30. Qxd6 f3+ 31. Kh1 Qh3 32. Rf2 Qg4 0-1

[Event "C'Chartres Blitz Men"]
[Site "Europe-Echecs INT"]
[Date "2020.06.13"]
[Round "2"]
[White "Stephan, Victor"]
[Black "Mamedov, Rauf"]
[Result "1/2-1/2"]
[WhiteTitle "IM"]
[BlackTitle "GM"]
[WhiteElo "2439"]
[BlackElo "2654"]
[WhiteFideId "656666"]
[BlackFideId "13401653"]
[EventDate "2020.06.13"]

1. d4 Nf6 2. c4 g6 3. Nc3 Bg7 4. e4 d6 5. Nf3 O-O 6. Be2 e5 7. dxe5 dxe5 8. Qxd8
Rxd8 9. Nd5 Nxd5 10. cxd5 c6 11. Bc4 cxd5 12. Bxd5 Nd7 13. Bg5 Re8 14. Nd2 Nc5
15. Ke2 Bd7 16. Rac1 Bb5+ 17. Bc4 Bxc4+ 18. Rxc4 Ne6 19. Be3 Bf8 20. f3 Red8 21.
Nb3 f6 22. Rd1 Rxd1 23. Kxd1 Rd8+ 24. Ke2 b6 25. Rc2 Kf7 26. Rd2 Rxd2+ 27. Nxd2
Bc5 28. Bxc5 Nxc5 29. Ke3 Ke6 30. Nc4 Na4 31. b3 Nc3 32. a4 Na2 33. Kd2 Nb4 34.
Ne3 Nc6 35. Kc3 Nd4 36. Nc2 Nc6 37. Nb4 Nd4 38. Nc2 Nc6 39. Nb4 Nd4 40. Nc2 1/2-1/2

[Event "C'Chartres Blitz Men"]
[Site "Europe-Echecs INT"]
[Date "2020.06.13"]
[Round "2"]
[White "Maghsoodloo, Parham"]
[Black "Bauer, Christian"]
[Result "1-0"]
[WhiteTitle "GM"]
[BlackTitle "GM"]
[WhiteElo "2676"]
[BlackElo "2623"]
[WhiteFideId "12539929"]
[BlackFideId "603767"]
[EventDate "2020.06.13"]

1. e4 Nc6 2. Nf3 d6 3. Nc3 Nf6 4. d4 g6 5. Be2 Bg7 6. O-O O-O 7. h3 a6 8. a4 e5
9. dxe5 dxe5 10. Bc4 h6 11. Be3 b6 12. Qc1 Kh7 13. Rd1 Qe7 14. Nd5 Nxd5 15. Bxd5
Bd7 16. a5 bxa5 17. Nd2 f5 18. Nb3 f4 19. Bc5 Qh4 20. Bg8+ Rxg8 21. Rxd7 f3 22.
Rxc7 fxg2 23. Qe3 Rac8 24. Rd7 Rcd8 25. Rad1 Nd4 26. Rxd8 Rxd8 27. Nxd4 exd4 28.
Bxd4 Rxd4 29. Rxd4 Bxd4 30. Qxd4 Qxh3 31. Qa7+ Kg8 32. Qb8+ Kf7 33. Qc7+ Kf6 34.
Qd6+ Kf7 35. Qh2 Qf3 36. Qc7+ Kf8 37. Qd6+ Kf7 38. Qd5+ Kf8 39. c4 h5 40. c5 Qh3
41. Qd8+ Kf7 42. Qc7+ Kf6 43. Qh2 Qd3 44. Qd6+ Qxd6 45. cxd6 Ke6 46. e5 g5 47.
Kxg2 a4 48. Kg3 a5 49. f4 h4+ 50. Kg4 gxf4 51. Kxf4 1-0

[Event "C'Chartres Blitz Men"]
[Site "Europe-Echecs INT"]
[Date "2020.06.13"]
[Round "2"]
[White "Murzin, Volodar"]
[Black "Dardha, Daniel"]
[Result "1-0"]
[WhiteTitle "IM"]
[BlackTitle "IM"]
[WhiteElo "2465"]
[BlackElo "2449"]
[WhiteFideId "44155573"]
[BlackFideId "240990"]
[EventDate "2020.06.13"]
[EventType "blitz"]

1. e4 c5 2. Nf3 Nc6 3. Bb5 Nf6 4. Bxc6 dxc6 5. d3 Bg4 6. Nbd2 e5 7. h3 Bxf3 8.
Nxf3 Bd6 9. O-O Nd7 10. a4 Nf8 11. a5 Ne6 12. Be3 O-O 13. Nd2 b5 14. axb6 axb6
15. Qg4 Qd7 16. Nf3 Kh8 17. Ng5 Be7 18. Nxf7+ Kg8 19. Nxe5 Qd6 20. Nc4 h5 21.
Qg6 Nf4 22. Qxd6 1-0

[Event "C'Chartres Blitz Men"]
[Site "Europe-Echecs INT"]
[Date "2020.06.13"]
[Round "2"]
[White "Lagarde, Maxime"]
[Black "Maurizzi, Marc Andria"]
[Result "1/2-1/2"]
[WhiteTitle "GM"]
[BlackTitle "IM"]
[WhiteElo "2655"]
[BlackElo "2433"]
[WhiteFideId "662399"]
[BlackFideId "36083534"]
[EventDate "2020.06.13"]

1. g3 e6 2. Bg2 Nf6 3. d3 d5 4. f4 Be7 5. Nf3 O-O 6. O-O b5 7. e4 dxe4 8. dxe4
Bb7 9. Qe2 Bxe4 10. Nc3 Bb7 11. Nxb5 a6 12. Nc3 Nbd7 13. Kh1 Rb8 14. b3 Nd5 15.
Ne4 N7f6 16. Bd2 Nxe4 17. Qxe4 Bf6 18. Rae1 a5 19. Bxa5 Nb4 20. Qxb4 Bxf3 21.
Qc4 Bxg2+ 22. Kxg2 Ra8 23. Bxc7 Qe7 24. Be5 Rfc8 25. Qe4 Rxa2 26. Rf2 h6 27. h4
Qc5 28. Ree2 Bxe5 29. fxe5 Rd8 30. Qf3 Rd7 31. c4 Rxe2 32. Rxe2 Rd1 33. Rf2 Rd7
34. Qa8+ Kh7 35. Qe4+ Kg8 36. Qf4 h5 37. Qe4 g6 38. Re2 Rd4 39. Qf3 Rd7 40. Qe3
Qc6+ 41. Qe4 Qc5 42. Qe3 Qc6+ 43. Kh2 Rd1 44. Rg2 Rb1 45. Qd3 Re1 46. Qd8+ Kg7
47. Qf6+ Kg8 48. Qd8+ Kg7 49. Qf6+ Kg8 50. g4 hxg4 51. h5 Re3 52. hxg6 Rh3+ 53.
Kg1 Qb6+ 54. Qf2 Qxf2+ 55. Kxf2 fxg6 56. Rxg4 Rxb3 57. Rxg6+ Kf7 58. Rg4 Rh3 59.
Rg3 Rh5 60. Re3 Ke7 61. Ke2 Kd7 62. Kd3 Kc6 63. Kd4 Rh4+ 64. Re4 Rh1 65. Rf4
Rd1+ 66. Kc3 Re1 67. Kd4 Rd1+ 68. Kc3 Re1 69. Kd4 Rd1+ 1/2-1/2

[Event "C'Chartres Blitz Men"]
[Site "Europe-Echecs INT"]
[Date "2020.06.13"]
[Round "2"]
[White "Keymer, Vincent"]
[Black "Studer, Noel"]
[Result "0-1"]
[WhiteTitle "GM"]
[BlackTitle "GM"]
[WhiteElo "2558"]
[BlackElo "2580"]
[WhiteFideId "12940690"]
[BlackFideId "1319620"]
[EventDate "2020.06.13"]

1. Nf3 d5 2. e3 Nf6 3. c4 e6 4. Nc3 dxc4 5. Bxc4 a6 6. O-O c5 7. d4 b5 8. Be2
Bb7 9. dxc5 Bxc5 10. Qxd8+ Kxd8 11. Nd2 Ke7 12. Nb3 Bd6 13. Na5 Ra7 14. Nxb7
Rxb7 15. Bd2 Rc8 16. Rfc1 Rbc7 17. a3 Nbd7 18. Na2 Nc5 19. Ba5 Rd7 20. b4 Nb3
21. Rxc8 Nxa1 22. Bb6 Nb3 23. Nc1 Nxc1 24. Rxc1 e5 25. Ba5 e4 26. f4 Nd5 27. Kf2
Bb8 28. Bg4 Rd6 29. Bf5 Ba7 30. Ke2 Bxe3 31. Rc8 Bxf4 32. g3 Be5 33. Bxe4 Nc3+
34. Ke3 Nxe4 35. Kxe4 Bb2 36. Rc7+ Ke6 37. Ra7 Bxa3 38. Ke3 Bc1+ 39. Ke4 Rc6 40.
Kd3 Bb2 41. Bd8 Rd6+ 42. Kc2 Bd4 43. Ra8 f6 44. Ba5 Be5 45. Ra7 f5 46. Kb1 h5
47. Bc7 Rd1+ 48. Kc2 Rh1 49. Rxa6+ Kd5 50. Bxe5 Kxe5 51. Rb6 Rxh2+ 52. Kd3 Rg2
53. Rxb5+ Kf6 54. Kd4 Rxg3 55. Rb8 Rg1 56. b5 h4 57. b6 Rb1 58. Kc5 Kg5 59. b7
Kg4 60. Kc6 g5 61. Rd8 h3 62. Rd4+ f4 63. Rd5 h2 64. Rb5 h1=Q+ 0-1

[Event "C'Chartres Blitz Men"]
[Site "Europe-Echecs INT"]
[Date "2020.06.13"]
[Round "2"]
[White "Medvegy, Zoltan"]
[Black "Guliyev, Namig"]
[Result "0-1"]
[WhiteTitle "GM"]
[BlackTitle "GM"]
[WhiteElo "2524"]
[BlackElo "2529"]
[WhiteFideId "708402"]
[BlackFideId "13400363"]
[EventDate "2020.06.13"]

1. c4 c6 2. Nc3 d5 3. e3 Nf6 4. Nf3 e6 5. b3 Bd6 6. Bb2 O-O 7. Qc2 Nbd7 8. Be2
Qe7 9. O-O b6 10. cxd5 exd5 11. Nd4 Bb7 12. Nf5 Qe6 13. Nxd6 Qxd6 14. Rac1 Rfe8
15. Rfd1 d4 16. Nb1 c5 17. h3 Rad8 18. Bf1 Nd5 19. exd4 Nf4 20. dxc5 Nxc5 21. d4
Ne4 22. Qc7 Nxh3+ 23. gxh3 Qg6+ 24. Kh2 Rd6 25. Qxb7 Qg5 26. Qxe4 Rxe4 27. Rc8+
Rd8 28. Rxd8+ Qxd8 29. d5 Qd6+ 30. Kg1 h5 31. Ba3 Qf4 32. d6 Qg5+ 33. Bg2 Re8
34. d7 Rd8 35. Nc3 Qf5 36. Bc6 Qg5+ 37. Kf1 Qf5 38. Be7 Qxh3+ 39. Ke1 Qe6+ 40.
Kf1 Qxe7 41. Re1 Qg5 42. Re8+ Kh7 43. Ne4 Qc1+ 44. Kg2 Qxc6 45. Rxd8 Qxe4+ 46.
Kg1 Qd3 0-1

[Event "C'Chartres Blitz Men"]
[Site "Europe-Echecs INT"]
[Date "2020.06.13"]
[Round "3"]
[White "Firouzja, Alireza"]
[Black "Ivanchuk, Vasyl"]
[Result "1-0"]
[WhiteTitle "GM"]
[BlackTitle "GM"]
[WhiteElo "2728"]
[BlackElo "2678"]
[WhiteFideId "12573981"]
[BlackFideId "14100010"]
[EventDate "2020.06.13"]
[EventType "blitz"]

1. d4 Nf6 2. Nf3 e6 3. Bf4 b6 4. e3 Bb7 5. h3 g6 6. c4 Bg7 7. Nc3 d6 8. Be2 Nbd7
9. O-O Ne4 10. Nxe4 Bxe4 11. Bg5 Qc8 12. Rc1 a5 13. b3 O-O 14. Nd2 Bb7 15. Bh4
Bf6 16. Bxf6 Nxf6 17. Bf3 Re8 18. Re1 Bxf3 19. Qxf3 Kg7 20. c5 bxc5 21. dxc5 d5
22. e4 c6 23. e5 Nd7 24. Qe3 Qb8 25. Nf3 a4 26. b4 Qxb4 27. a3 Qa5 28. Red1 Qc7
29. Rd4 h6 30. Rh4 Rh8 31. Re1 Ra5 32. Nh2 Rb5 33. Ng4 h5 34. Nf6 Nxf6 35. exf6+
Kxf6 36. Qd4+ e5 37. Rf4+ Ke6 38. Qxa4 Rhb8 39. Rf3 Rb1 40. Re3 Rxe1+ 41. Rxe1
e4 42. Qa6 Kf6 43. a4 Kg7 44. a5 Rb2 45. Qb6 Rxb6 46. cxb6 Qb7 47. Rb1 e3 48.
fxe3 d4 49. a6 Qxa6 50. b7 dxe3 51. b8=Q e2 52. Qe5+ 1-0

[Event "C'Chartres Blitz Men"]
[Site "Europe-Echecs INT"]
[Date "2020.06.13"]
[Round "3"]
[White "Mamedov, Rauf"]
[Black "Edouard, Romain"]
[Result "1/2-1/2"]
[WhiteTitle "GM"]
[BlackTitle "GM"]
[WhiteElo "2654"]
[BlackElo "2649"]
[WhiteFideId "13401653"]
[BlackFideId "633429"]
[EventDate "2020.06.13"]

1. e4 c5 2. c3 d5 3. exd5 Qxd5 4. d4 Nf6 5. Nf3 e6 6. Bd3 Be7 7. Be3 Nbd7 8. O-O
O-O 9. Qe2 b6 10. Rd1 Qh5 11. Nbd2 Bb7 12. Ba6 Bc6 13. Bb5 Bb7 14. Ba6 Bc6 15.
Bb5 Bb7 16. Ba6 1/2-1/2

[Event "C'Chartres Blitz Men"]
[Site "Europe-Echecs INT"]
[Date "2020.06.13"]
[Round "3"]
[White "Bauer, Christian"]
[Black "Stephan, Victor"]
[Result "1-0"]
[WhiteTitle "GM"]
[BlackTitle "IM"]
[WhiteElo "2623"]
[BlackElo "2439"]
[WhiteFideId "603767"]
[BlackFideId "656666"]
[EventDate "2020.06.13"]

1. e4 c5 2. Nf3 d6 3. c3 Nf6 4. h3 Nbd7 5. Bd3 b6 6. O-O Bb7 7. Re1 Rc8 8. Na3
Qc7 9. Bc2 e6 10. d3 Be7 11. Bf4 Ne5 12. d4 Nxf3+ 13. Qxf3 e5 14. dxe5 dxe5 15.
Ba4+ Kf8 16. Bg5 h6 17. Bxf6 Bxf6 18. Rad1 Bc6 19. Bxc6 Qxc6 20. Nc4 Qe6 21. b3
Be7 22. Rd5 Bf6 23. Rd6 Qe7 24. Red1 b5 25. Ne3 Bg5 26. Nf5 Qe8 27. h4 Bf6 28.
Rxf6 gxf6 29. Nd6 1-0

[Event "C'Chartres Blitz Men"]
[Site "Europe-Echecs INT"]
[Date "2020.06.13"]
[Round "3"]
[White "Dardha, Daniel"]
[Black "Maghsoodloo, Parham"]
[Result "0-1"]
[WhiteTitle "IM"]
[BlackTitle "GM"]
[WhiteElo "2449"]
[BlackElo "2676"]
[WhiteFideId "240990"]
[BlackFideId "12539929"]
[EventDate "2020.06.13"]

1. Nf3 d5 2. c4 e6 3. d4 Nf6 4. Nc3 Bb4 5. Bg5 dxc4 6. Qa4+ Nc6 7. e3 Qd5 8.
Bxf6 gxf6 9. a3 Bxc3+ 10. bxc3 b5 11. Qc2 Na5 12. e4 Qc6 13. a4 Nb3 14. Ra3 a6
15. e5 f5 16. Be2 Bb7 17. O-O Rg8 18. axb5 axb5 19. Rxa8+ Bxa8 20. Re1 Qe4 21.
Qd1 Qg4 22. g3 f4 23. Nd2 Qh3 24. Bf3 Bxf3 25. Nxf3 Qf5 26. d5 Qd3 27. dxe6 fxe6
28. Qxd3 cxd3 29. Rd1 Nc5 30. Ne1 Rg5 31. Nxd3 Nxd3 32. Rxd3 fxg3 33. Rxg3 Rxg3+
34. hxg3 c5 35. Kf1 h5 36. Ke2 Kf7 37. Ke3 Kg6 38. Kf4 b4 39. cxb4 cxb4 40. Ke4
h4 41. gxh4 Kh5 42. f4 Kxh4 43. f5 exf5+ 44. Kf4 b3 45. e6 b2 46. e7 b1=Q 47.
e8=Q Qf1+ 0-1

[Event "C'Chartres Blitz Men"]
[Site "Europe-Echecs INT"]
[Date "2020.06.13"]
[Round "3"]
[White "Maurizzi, Marc Andria"]
[Black "Murzin, Volodar"]
[Result "1-0"]
[WhiteTitle "IM"]
[BlackTitle "IM"]
[WhiteElo "2433"]
[BlackElo "2465"]
[WhiteFideId "36083534"]
[BlackFideId "44155573"]
[EventDate "2020.06.13"]

1. d4 Nf6 2. Nf3 g6 3. Nbd2 Bg7 4. e4 d6 5. Bb5+ c6 6. Bd3 O-O 7. O-O Nbd7 8. c3
e5 9. Re1 Qc7 10. a4 Re8 11. h3 a5 12. b3 d5 13. exd5 Nxd5 14. Bb2 Rd8 15. Ne4
exd4 16. cxd4 Nf8 17. Bc4 Ne6 18. Qc1 Nef4 19. Ne5 Bf5 20. Ng3 Be6 21. Kh2 Re8
22. Re4 f6 23. Nf3 Bf7 24. Rxe8+ Rxe8 25. Qd2 Nh5 26. Re1 Rxe1 27. Qxe1 Nxg3 28.
fxg3 Bh6 29. Ba3 Kg7 30. Nd2 Ne3 31. Bxf7 Qxf7 32. Nf3 Qxb3 33. Bc1 Qd3 34. Bxe3
Bxe3 35. Qxa5 Qb3 36. Qc7+ Qf7 37. Qd6 Bd2 38. h4 Ba5 39. Qc5 Bc7 40. a5 Qd7 41.
a6 bxa6 42. Nd2 Qd6 43. Qc3 h5 44. Ne4 Qd5 45. Nc5 a5 46. Qb2 Kh6 47. Qd2+ g5
48. Qe3 Kg6 49. Qd3+ Qf5 50. Qb3 Qd5 51. Qd3+ Kg7 52. Qe3 Bd6 53. hxg5 fxg5 54.
Ne6+ Kf6 55. Nc5 Bxc5 56. dxc5 a4 57. Qc3+ Qe5 58. Qf3+ Kg7 59. Qxc6 a3 60. Qd7+
Kf6 61. Qc6+ Qe6 62. Qf3+ Kg6 63. Qxa3 h4 64. Qd3+ Kg7 65. Qd4+ Kg6 66. Qd6 Qxd6
67. cxd6 Kf6 68. gxh4 gxh4 69. Kh3 Ke6 70. Kxh4 Kxd6 71. Kg5 Ke7 72. Kg6 Kf8 73.
g4 Kg8 74. g5 Kh8 75. Kf7 Kh7 76. g6+ Kh8 77. g7+ 1-0

[Event "C'Chartres Blitz Men"]
[Site "Europe-Echecs INT"]
[Date "2020.06.13"]
[Round "3"]
[White "Studer, Noel"]
[Black "Lagarde, Maxime"]
[Result "1-0"]
[WhiteTitle "GM"]
[BlackTitle "GM"]
[WhiteElo "2580"]
[BlackElo "2655"]
[WhiteFideId "1319620"]
[BlackFideId "662399"]
[EventDate "2020.06.13"]

1. c4 Nf6 2. Nc3 g6 3. e4 d6 4. d4 Bg7 5. h3 O-O 6. Be3 Nc6 7. d5 Nb4 8. a3 Na6
9. Bd3 e6 10. Nf3 Re8 11. O-O Nc5 12. Bc2 a5 13. e5 Nh5 14. g4 exd5 15. cxd5 b6
16. Re1 dxe5 17. gxh5 Bxh3 18. Ng5 Bd7 19. Qf3 f5 20. hxg6 hxg6 21. Qh3 Qf6 22.
Qh7+ Kf8 23. Qh4 Kg8 24. Bxc5 bxc5 25. Re3 Rab8 26. Rf3 Rxb2 27. Nce4 Qb6 28. d6
cxd6 29. Qh7+ Kf8 30. Qxg6 Re7 31. Nh7+ Kg8 32. Nef6+ Kh8 33. Rh3 1-0